Constable

Bibliographic Details
Main Author: Clarkson, Jonathan (Author)
Format: Book
Language:English
PhysicalDescription:223 s. ilustr. 30 cm
Published: London Phaidon 2010
ISBN:9780714842950
Edition:1st publ.
Subjects:

MARC

LEADER 00000nam a2200000 a 4500
001 vtls010265299
003 SK-MaSNL
005 20260301213359.0
008 240318s2010 xxka g h 001 0beng
020 |a 9780714842950  |q (viaz.) 
040 |a SNK  |b slo  |c SNK  |e AACR2 
041 0 |a eng 
043 |a e-uk-en 
044 |a xxk  |a xxu  |c GB  |c US 
072 7 |a 929  |x Biografie  |2 konspekt 
072 7 |a 75  |x Maliarstvo  |2 konspekt 
080 |a 75.071.1  |2 2001 
080 |a 72/76  |2 2001 
080 |a 75.047  |2 2001 
080 |a (410.1)  |2 2001 
080 |a (092)  |2 2001 
080 |a 929  |2 2001 
100 1 |a Clarkson, Jonathan  |4 aut  |9 600206 
245 1 0 |a Constable  |c Jonathan Clarkson 
250 |a 1st publ. 
260 |a London  |b Phaidon  |c 2010 
300 |a 223 s.  |b ilustr.  |c 30 cm 
504 |a Obsahuje bibliogr. a reg. 
600 1 7 |a Constable, John,  |d 1776-1837  |2 SNKMA  |9 600207 
648 7 |a 19. stor.  |2 SNKPH  |9 278793 
650 0 7 |a maliari  |2 SNKPH  |9 3150 
650 0 7 |a umenie  |2 SNKPH  |9 1060 
650 0 7 |a krajinomaľba  |2 SNKPH  |9 86830 
651 7 |a Anglicko  |2 SNKPH  |9 168041 
655 7 |a biografie  |2 SNKPH  |9 27965 
919 |a 978-0-7148-4295-0 
999 |c 921439  |d 923369 
952 |a SNK  |b SNK  |y VYP  |7 0  |p 17A0696705  |o snkIB 72409  |i snk2011/8552  |8 2  |g 44.00  |0 0  |1 0  |4 0  |d 2011-03-21  |l 0  |r 2026-02-24 08:16:00  |w 2026-02-24